LEADER 01447nam--2200421---450- 001 990000759730203316 010 $a3-540-17844-9 035 $a0075973 035 $aUSA010075973 035 $a(ALEPH)000075973USA01 035 $a0075973 100 $a20011121d1987----km-y0itay0103----ba 101 $aeng 102 $aDE 105 $a||||||||001yy 200 1 $aMachine intelligence and knowledge engineering for robotic applications$fedited by Andrew K. C. Wong, Alan Pugh 210 $aBerlin$cSringer$dc1987 215 $aXIV, 486 p$d24 cm 225 2 $aNATO ASI Series$hSeries F$iComputer and systems sciences$v33 300 $aAtti di un convegno tenuto a Maratea nel 1986 410 $12001$aNATO ASI Series$hSeries F$iComputer and systems sciences$v33 606 0 $aRobotica$xCongressi$z1986 606 0 $aIntelligenza artificiale$xCongressi$z1986 606 0 $aCongressi$yMaratea$z1986 676 $a629.892 700 1$aWONG,$bAndrew K.C.$0550047 701 1$aPUGH,$bAlan$025144 801 0$aIT$bsalbc$gISBD 912 $a990000759730203316 951 $a629.892 MAC$b10474 ING$c629.892 959 $aBK 969 $aTEC 979 $aPATTY$b90$c20011121$lUSA01$h1542 979 $aPATTY$b90$c20020325$lUSA01$h1622 979 $c20020403$lUSA01$h1723 979 $aPATRY$b90$c20040406$lUSA01$h1652 996 $aMachine intelligence and knowledge engineering for robotic applications$9964635 997 $aUNISA LEADER 01149nam--2200361---450 001 990002979600203316 005 20201109104516.0 010 $a978-88-15-11871-4 035 $a000297960 035 $aUSA01000297960 035 $a(ALEPH)000297960USA01 035 $a000297960 100 $a20070928d2007----km-y0itay50------ba 101 $aita 102 $aIT 105 $aa---||||001yy 200 1 $a<> italiana alla corte di Francia$eChristine de Pizan, intellettuale e donna$fMaria Giuseppina Muzzarelli 210 $aBologna$cIl Mulino$d2007 215 $a160 p., [10] carte di tav.$cill.$d21 cm 225 2 $aIntersezioni$v316 410 0$12001$aIntersezioni$v316 606 0 $aChristine : de Pizan$xBiografie 676 $a944.026092 700 1$aMUZZARELLI,$bMaria Giuseppina$0145763 801 0$aIT$bsalbc$gISBD 912 $a990002979600203316 951 $aX.1.B. 1038$b200642 L.M.$cX.1.B.$d00161049 951 $aX.1.B. 1038a$b204077 LM$cX.1.B.$d00067682 951 $aX.1.B. 1038b$b204076 LM$cX.1.B.$d00067694 959 $aBK 969 $aUMA 996 $aItaliana alla corte di Francia$91028516 997 $aUNISA